Statistics for Countries in the World Quiz #6

Click here to take the quiz!

General Stats

  • This quiz has been taken 49 times
  • The average score is 10 of 20

Answer Stats

HintAnswer% Correct
Spanish-speaking nation with the highest populationMexico
98%
Chernobyl nuclear power plant is hereUkraine
82%
Official languages are English and PalauanPalau
80%
Its only land border is with Saudi ArabiaQatar
77%
Its capital city starts with the word 'WAR'Poland
75%
It previous name was Northern RhodesiaZambia
75%
Hometown of Nelson MandelaSouth Africa
68%
Conakry is its capital cityGuinea
57%
The longest river in AsiaChina
55%
The largest earthquake ever recordedChile
52%
Asian double landlocked countryUzbekistan
48%
Suspended from the Arab League in 2011Syria
45%
.cm is the country code top-level domainCameroon
34%
Only carbon negative country in the worldBhutan
30%
Its name contains the word 'LOVE'Slovenia
30%
The world's longest art gallerySweden
25%
The tallest palm trees in the worldColombia
23%
Its flag has sugar cane, bananas and doveFiji
11%
Its names means 'depths'Honduras
7%
Only country in the world with its own official scentLithuania
5%

Score Distribution

Percentile by Number Answered

Percent of People with Each Score

Your Score History

You have not taken this quiz